000 00665nmm a2200169Ia 4500
008 251105s9999||||xx |||||||||||||||||und||
020 _a8497421663
041 _aspa
100 _aCobo Romero, Francisco
245 0 _aDe campesinos a electores :
_b Modernización agraria en Andalucía, politización campesina y derechización de los pequeños propietarios y arrendatarios. El caso de la provincia de Jaén, 1931-1936
264 _a[Madrid, España] :
_bBiblioteca Nueva,
_c2003
300 _a360 páginas
490 _aHistoria Biblioteca Nueva
650 _aHistory of Europe: Spain
856 _uhttps://public.digitaliapublishing.com/a/5000
942 _cCF
999 _c74093
_d74093